000 00662nam a2200253 a 4500
003 AR-BaBNM
005 20251128203218.0
008 082120s2002 ||||||||||||||000 | spa||
040 _cAR-BaBNM
100 1 _aBenitez, Fernando
245 0 0 _aLa ruta de Hernán Cortés
250 _a1ª ed.
260 _aMéxico, D.F.
_bFondo de Cultura Económica
_c1950
300 _a259 p.
_bil., láms.
600 1 4 _aCortes, Hernan
650 4 _aPERIODO HISPANICO
650 4 _aHISTORIA SOCIAL
650 4 _aHISTORIA POLITICA
650 4 _aHISTORIA ECONOMICA
651 4 _aMéxico
700 1 _aBeltrán, Alberto
_eilustrador
942 _cBK
998 _cmariana
999 _c2418
_d2418